[Event "Bangalore op 1st"]
[Site "Bangalore"]
[Date "2024.01.18"]
[Round "1"]
[White "Iniyan, Panneerseluam"]
[Black "Nagare, Akhilesh"]
[Result "1-0"]
[WhiteElo "2515"]
[BlackElo "2123"]
[PlyCount "55"]
[EventDate "2024.01.18"]
[EventType "swiss"]
[EventRounds "10"]
[EventCountry "IND"]
[SourceTitle "CB05_2024"]
[SourceDate "2024.01.31"]
[SourceVersion "1"]
[SourceVersionDate "2024.01.31"]
[SourceQuality "1"]

1. d4 d5 2. c4 e6 3. Nc3 c5 4. cxd5 exd5 5. Nf3 Nc6 6. e3 Nf6 7. Be2 Be7 8. 0-0 0-0 9. dxc5 Bxc5 10. b3 Re8 11. Bb2 Be6 12. Rc1 Be7 13. Nd4 Qd7 14. Na4 Rac8 15. Bb5 Red8 16. f3 Bd6 17. Kh1 Qe7 18. Bxc6 bxc6 19. Nxc6 Rxc6 20. Rxc6 Bd7 21. Rc2 Qxe3 22. Qd2 Qe6 23. Nc5 Qf5 24. Bxf6 gxf6 25. g4 Qf4 26. Nxd7 Rxd7 27. Qxd5 Rc7 28. Qd2 1-0

[Event "IND-ch 59th"]
[Site "New Delhi"]
[Date "2023.01.02"]
[Round "12"]
[White "Avinash, Ramesh"]
[Black "Nagare, Akhilesh"]
[Result "1-0"]
[WhiteElo "2327"]
[BlackElo "2119"]
[PlyCount "57"]
[EventDate "2022.12.22"]
[EventType "swiss"]
[EventRounds "13"]
[EventCountry "IND"]
[SourceTitle "CBM 211 Extra"]
[Source "ChessBase"]
[SourceDate "2023.01.31"]
[SourceVersion "1"]
[SourceVersionDate "2023.01.31"]
[SourceQuality "1"]

1. e4 e6 2. d4 d5 3. Nc3 Nf6 4. Bg5 Be7 5. e5 Nfd7 6. Bxe7 Qxe7 7. f4 Nb6 8. Nf3 Bd7 9. Qd2 Nc6 10. Nd1 a6 11. Ne3 0-0-0 12. Be2 Na7 13. 0-0 Bb5 14. Bxb5 axb5 15. b3 Kb8 16. a4 b4 17. c3 Nc6 18. Nc2 bxc3 19. Qxc3 Nc8 20. b4 g5 21. Rfb1 gxf4 22. b5 N6a7 23. a5 b6 24. Nb4 Ka8 25. Nc6 Qd7 26. Ra2 Kb7 27. axb6 Nxb5 28. Nxd8+ Rxd8 29. bxc7 1-0

[Event "Sitges op 46th"]
[Site "Sitges"]
[Date "2022.07.30"]
[Round "9"]
[White "Nagare, Akhilesh"]
[Black "Comellas Blanchart, Jordi"]
[Result "1-0"]
[WhiteElo "1856"]
[BlackElo "1945"]
[PlyCount "49"]
[EventDate "2022.07.22"]
[EventType "swiss"]
[EventRounds "9"]
[EventCountry "ESP"]
[SourceTitle "CBM 209 Extra"]
[Source "ChessBase"]
[SourceDate "2022.09.30"]
[SourceVersion "1"]
[SourceVersionDate "2022.09.30"]
[SourceQuality "1"]

1. d4 Nf6 2. c4 g6 3. Nc3 Bg7 4. e4 d6 5. h3 0-0 6. Bg5 c5 7. d5 e6 8. Bd3 h6 9. Be3 exd5 10. exd5 Re8 11. Qd2 Nbd7 12. Nf3 Ne5 13. Nxe5 Rxe5 14. 0-0-0 Kh7 15. f4 Re8 16. g4 b5 17. f5 b4 18. fxg6+ fxg6 19. Ne2 Qa5 20. Kb1 Rb8 21. Ng3 Rb6 22. Bxh6 Ra6 23. Bxg7 Qxa2+ 24. Kc1 Kxg7 25. Qg5 1-0

[Event "Sitges op 46th"]
[Site "Sitges"]
[Date "2022.07.26"]
[Round "5"]
[White "Nagare, Akhilesh"]
[Black "Caldentey Ayas, Daniel"]
[Result "1/2-1/2"]
[WhiteElo "1856"]
[BlackElo "2048"]
[PlyCount "68"]
[EventDate "2022.07.22"]
[EventType "swiss"]
[EventRounds "9"]
[EventCountry "ESP"]
[SourceTitle "CBM 209 Extra"]
[Source "ChessBase"]
[SourceDate "2022.09.30"]
[SourceVersion "1"]
[SourceVersionDate "2022.09.30"]
[SourceQuality "1"]

1. c4 Nf6 2. Nc3 g6 3. g3 Bg7 4. Bg2 d6 5. Nf3 0-0 6. 0-0 Nc6 7. Rb1 a5 8. a3 e5 9. b4 axb4 10. axb4 h6 11. d3 Be6 12. b5 Ne7 13. Bb2 Qd7 14. Qb3 Bh3 15. Nd5 Bxg2 16. Nxe7+ Qxe7 17. Kxg2 Nd7 18. Ra1 Nc5 19. Qc2 f5 20. Rxa8 Rxa8 21. e4 fxe4 22. dxe4 Ne6 23. Ra1 Rxa1 24. Bxa1 Qd7 25. Bc3 Nf4+ 26. Kf1 Ne6 27. Qd3 Nc5 28. Qd5+ Qf7 29. Nd2 Qxd5 30. cxd5 Kf7 31. Bb4 Nd7 32. Nc4 b6 33. g4 Bf6 34. f3 Bg5 1/2-1/2

[Event "IND-ch Blitz"]
[Site "Nashik"]
[Date "2022.04.30"]
[Round "7"]
[White "Deepan Chakkravarthy, J."]
[Black "Nagare, Akhilesh"]
[Result "1-0"]
[WhiteElo "2474"]
[BlackElo "1846"]
[PlyCount "39"]
[EventDate "2022.04.30"]
[EventType "swiss (blitz)"]
[EventRounds "11"]
[EventCountry "IND"]
[SourceTitle "CBM 208 Extra"]
[Source "ChessBase"]
[SourceDate "2022.07.31"]
[SourceVersion "1"]
[SourceVersionDate "2022.07.31"]
[SourceQuality "1"]

1. e4 c5 2. Nf3 d6 3. d4 cxd4 4. Nxd4 Nf6 5. Nc3 Nc6 6. f3 e5 7. Nb3 Be6 8. Be3 d5 9. exd5 Nxd5 10. Nxd5 Qxd5 11. Qxd5 Bxd5 12. 0-0-0 0-0-0 13. Be2 f6 14. c3 Be7 15. Kc2 Be6 16. Nc5 Bf5+ 17. Kc1 Rxd1+ 18. Rxd1 Rd8 19. Rd4 exd4 20. g4 1-0

[Event "Bhopal op"]
[Site "Bhopal"]
[Date "2019.12.24"]
[Round "6"]
[White "Nguyen, Van Huy"]
[Black "Nagare, Akhilesh"]
[Result "1-0"]
[WhiteElo "2457"]
[BlackElo "1918"]
[PlyCount "61"]
[EventDate "2019.12.21"]
[EventType "swiss"]
[EventRounds "10"]
[EventCountry "IND"]
[SourceTitle "CBM 194 Extra"]
[Source "ChessBase"]
[SourceDate "2020.03.31"]
[SourceVersion "1"]
[SourceVersionDate "2020.03.31"]
[SourceQuality "1"]

1. d4 d5 2. Nf3 Nf6 3. c4 c6 4. Qb3 dxc4 5. Qxc4 Bf5 6. g3 e6 7. Bg2 Nbd7 8. 0-0 Be7 9. Rd1 0-0 10. e3 Nb6 11. Qe2 h6 12. Nc3 Nbd5 13. Ne5 Nxc3 14. bxc3 Nd7 15. e4 Bh7 16. Nc4 Nb6 17. Ne3 Qc7 18. c4 c5 19. d5 e5 20. Rb1 Bd6 21. Rb3 Nc8 22. Bb2 Ne7 23. Bc3 Rae8 24. a4 f5 25. exf5 Bxf5 26. a5 Qd7 27. Qb2 Rb8 28. Bxe5 Nc8 29. Nxf5 Rxf5 30. f4 Qa4 31. Bh3 1-0

[Event "Paracin Summer op-A 12th"]
[Site "Paracin"]
[Date "2019.07.09"]
[Round "6"]
[White "Nagare, Akhilesh"]
[Black "Tadic, Stefan"]
[Result "0-1"]
[WhiteElo "1928"]
[BlackElo "2262"]
[PlyCount "60"]
[EventDate "2019.07.05"]
[EventType "swiss"]
[EventRounds "9"]
[EventCountry "SRB"]
[SourceTitle "EXT 2020"]
[Source "ChessBase"]
[SourceDate "2019.10.17"]
[SourceVersion "1"]
[SourceVersionDate "2019.10.17"]
[SourceQuality "1"]

1. b3 e5 2. Bb2 Nc6 3. e3 d5 4. Bb5 Bd6 5. Nf3 f6 6. d4 e4 7. Nfd2 a6 8. Bxc6+ bxc6 9. c4 f5 10. Ba3 Nf6 11. Bxd6 Qxd6 12. f4 c5 13. b4 cxb4 14. c5 Qc6 15. 0-0 a5 16. a3 Ba6 17. Re1 0-0 18. Nb3 Bd3 19. axb4 axb4 20. N1d2 Ra3 21. h3 Rfa8 22. Rc1 Ra2 23. g4 Rb2 24. g5 Ne8 25. Ra1 Raa2 26. Rxa2 Rxa2 27. Nc1 Bc2 28. Qh5 g6 29. Qh4 Ra3 30. Qf2 Qa4 0-1

[Event "Paracin Summer op-A 12th"]
[Site "Paracin"]
[Date "2019.07.05"]
[Round "1"]
[White "Eswaran, Ashritha"]
[Black "Nagare, Akhilesh"]
[Result "1/2-1/2"]
[WhiteElo "2257"]
[BlackElo "1928"]
[PlyCount "81"]
[EventDate "2019.07.05"]
[EventType "swiss"]
[EventRounds "9"]
[EventCountry "SRB"]
[SourceTitle "EXT 2020"]
[Source "ChessBase"]
[SourceDate "2019.10.17"]
[SourceVersion "1"]
[SourceVersionDate "2019.10.17"]
[SourceQuality "1"]

1. e4 e6 2. d4 d5 3. Nc3 Bb4 4. e5 Qd7 5. a3 Bxc3+ 6. bxc3 b6 7. Qg4 f5 8. Qg3 Bb7 9. Ne2 Nc6 10. Nf4 0-0-0 11. a4 Na5 12. Bb5 Qf7 13. h4 Nc4 14. a5 a6 15. Bxc4 dxc4 16. axb6 cxb6 17. Ba3 Kb8 18. Qe3 Ka7 19. Bd6 Ne7 20. Bc7 Nd5 21. Nxd5 Rxd5 22. Bd6 f4 23. Qd2 g5 24. hxg5 Rg8 25. Rh6 Rxg5 26. Rf6 Qh5 27. Qxf4 Rxg2 28. Kd2 Rg6 29. Rf7 a5 30. Re7 Rg4 31. Qf8 Qg5+ 32. Ke2 Rxd6 33. exd6 Re4+ 34. Kf1 Qh5 35. Rxb7+ Kxb7 36. Qg7+ Ka6 37. Qg3 Qe2+ 38. Kg2 Rg4 39. d7 Qe4+ 40. Kf1 Qh1+ 41. Ke2 1/2-1/2

[Event "Nis op"]
[Site "Nis"]
[Date "2019.07.04"]
[Round "9"]
[White "Mitali, Madhukar Patil"]
[Black "Nagare, Akhilesh"]
[Result "1/2-1/2"]
[WhiteElo "2045"]
[BlackElo "1890"]
[PlyCount "51"]
[EventDate "2019.06.25"]
[EventType "swiss"]
[EventRounds "9"]
[EventCountry "SRB"]
[SourceTitle "EXT 2020"]
[Source "ChessBase"]
[SourceDate "2019.10.17"]
[SourceVersion "1"]
[SourceVersionDate "2019.10.17"]
[SourceQuality "1"]

1. e4 d5 2. exd5 Qxd5 3. Nc3 Qd8 4. d4 c6 5. Nf3 Bg4 6. Be2 e6 7. 0-0 Nf6 8. Bg5 Be7 9. h3 Bh5 10. Qd3 0-0 11. Rad1 Qb6 12. Rfe1 Bg6 13. Qd2 h6 14. Bxf6 Bxf6 15. Bd3 Bxd3 16. Qxd3 Nd7 17. Ne4 Be7 18. c3 Rad8 19. Re2 Nf6 20. Nxf6+ Bxf6 21. Qc2 c5 22. dxc5 Rxd1+ 23. Qxd1 Qxc5 24. Qd7 b5 25. Rd2 Rd8 26. Qb7 1/2-1/2

[Event "Veliko Gradiste Silver Lake op"]
[Site "Veliko Gradiste"]
[Date "2019.06.20"]
[Round "6"]
[White "Radonjic, Milan"]
[Black "Nagare, Akhilesh"]
[Result "0-1"]
[WhiteElo "2040"]
[BlackElo "1890"]
[PlyCount "74"]
[EventDate "2019.06.16"]
[EventType "swiss"]
[EventRounds "9"]
[EventCountry "SRB"]
[SourceTitle "CBM 191 Extra"]
[Source "ChessBase"]
[SourceDate "2019.09.30"]
[SourceVersion "1"]
[SourceVersionDate "2019.09.30"]
[SourceQuality "1"]

1. d4 Nf6 2. c4 e6 3. Nc3 Bb4 4. Qc2 0-0 5. a3 Bxc3+ 6. Qxc3 b5 7. Bg5 bxc4 8. e4 Nxe4 9. Bxd8 Nxc3 10. Bxc7 Nb5 11. Ba5 Nxd4 12. Rd1 Ndc6 13. Bc3 d5 14. f4 Re8 15. Nf3 Nd7 16. b3 cxb3 17. Bb5 Bb7 18. Rb1 Rec8 19. Rxb3 Nc5 20. Rb1 Ba6 21. 0-0 Bxb5 22. Rxb5 Ne4 23. Bd4 Nxd4 24. Nxd4 Rc4 25. Rfb1 Rf8 26. R5b4 Rfc8 27. h3 h6 28. Nf3 Nc3 29. R1b2 Rxb4 30. Rxb4 a5 31. Rb7 Ne2+ 32. Kf2 Nxf4 33. Ne5 f6 34. Nd7 Nd3+ 35. Ke3 Nc5 36. Nxc5 Rxc5 37. a4 Rc4 0-1

[Event "Veliko Gradiste Silver Lake op"]
[Site "Veliko Gradiste"]
[Date "2019.06.19"]
[Round "5"]
[White "Nagare, Akhilesh"]
[Black "Psaila, Clarence"]
[Result "1-0"]
[WhiteElo "1890"]
[BlackElo "2033"]
[PlyCount "75"]
[EventDate "2019.06.16"]
[EventType "swiss"]
[EventRounds "9"]
[EventCountry "SRB"]
[SourceTitle "CBM 191 Extra"]
[Source "ChessBase"]
[SourceDate "2019.09.30"]
[SourceVersion "1"]
[SourceVersionDate "2019.09.30"]
[SourceQuality "1"]

1. Nf3 d5 2. g3 Nf6 3. Bg2 e6 4. 0-0 Be7 5. c4 0-0 6. d4 dxc4 7. Qc2 a6 8. a4 c5 9. dxc5 Qa5 10. Na3 Qxc5 11. Be3 Qh5 12. Nxc4 Nc6 13. Bf4 Nb4 14. Qb3 Nfd5 15. Bd6 Bxd6 16. Nxd6 a5 17. Rfd1 Rd8 18. Nc4 Bd7 19. e4 Nf6 20. Nfe5 Be8 21. Rxd8 Rxd8 22. Bf3 Qh6 23. Nxa5 Na6 24. Qxb7 Nc5 25. Qc7 Nd3 26. Qxd8 Nxe5 27. Bg2 g5 28. Qd4 Nfg4 29. h3 Qf6 30. Rd1 Nh6 31. Nc4 Nf3+ 32. Bxf3 Qxf3 33. Rd3 Qh5 34. Qd8 f5 35. Nd6 Kf8 36. Qxe8+ Qxe8 37. Nxe8 Kxe8 38. exf5 1-0

[Event "Pune All India op 3rd"]
[Site "Pune"]
[Date "2019.04.30"]
[Round "4"]
[White "Nagare, Akhilesh"]
[Black "Muthaiah, Al"]
[Result "0-1"]
[WhiteElo "1901"]
[BlackElo "2423"]
[PlyCount "82"]
[EventDate "2019.04.29"]
[EventType "swiss"]
[EventRounds "8"]
[EventCountry "IND"]
[SourceTitle "CBM 190 Extra"]
[Source "ChessBase"]
[SourceDate "2019.07.15"]
[SourceVersion "1"]
[SourceVersionDate "2019.07.15"]
[SourceQuality "1"]

1. Nf3 Nf6 2. c4 b6 3. g3 Bb7 4. Bg2 g6 5. 0-0 Bg7 6. Nc3 0-0 7. d3 c5 8. a3 Nc6 9. Rb1 d6 10. b4 Qd7 11. e4 Ne8 12. Qc2 Nc7 13. b5 Ne5 14. Ne1 Ne6 15. h3 Nd4 16. Qd1 f5 17. f4 Nf7 18. Bb2 fxe4 19. Nxe4 d5 20. cxd5 Bxd5 21. Nf3 Nxf3+ 22. Qxf3 Rad8 23. Bxg7 Kxg7 24. Qe2 Bxe4 25. dxe4 Qd3 26. Qg4 h5 27. Qh4 Qd4+ 28. Rf2 Qf6 29. Qxf6+ exf6 30. a4 Rd3 31. Rf3 Rd4 32. Ra3 Nd6 33. Re1 Re8 34. e5 fxe5 35. Bc6 Re7 36. fxe5 Nc4 37. Rf3 Rxe5 38. Ref1 Re7 39. Rf8 Nd6 40. Ra8 Nf5 41. Rf3 Rxa4 0-1

[Event "Maharashtra State-ch U25"]
[Site "Nasik"]
[Date "2018.08.12"]
[Round "8"]
[White "Nagare, Akhilesh"]
[Black "Tajane, Ganesh"]
[Result "0-1"]
[WhiteElo "1928"]
[BlackElo "1722"]
[PlyCount "80"]
[EventDate "2018.08.09"]
[EventType "swiss"]
[EventRounds "9"]
[EventCountry "IND"]
[SourceTitle "CBM 186 Extra"]
[Source "ChessBase"]
[SourceDate "2018.08.24"]
[SourceVersion "1"]
[SourceVersionDate "2018.08.24"]
[SourceQuality "1"]

1. d4 Nf6 2. Bg5 Ne4 3. Bf4 c5 4. f3 Nf6 5. d5 d6 6. e4 g6 7. Nc3 Bg7 8. Be2 a6 9. a4 Qb6 10. Rb1 Nh5 11. Be3 Bd4 12. Qd2 e5 13. dxe6 fxe6 14. f4 Nf6 15. e5 Bxc3 16. Qxc3 Nd5 17. Qd2 dxe5 18. b4 Nxe3 19. Qxe3 exf4 20. Qxf4 Nc6 21. a5 Nxa5 22. Qf6 Rf8 23. Qh4 cxb4 24. Nf3 Qc7 25. 0-0 Rf4 26. Qg5 Rf5 27. Qh4 Qe7 28. Qg4 Kf8 29. Bd3 Nc6 30. Nh4 Ne5 31. Qg3 Nxd3 32. Nxf5 exf5 33. Qxd3 Qc5+ 34. Kh1 Be6 35. Rfe1 Bd5 36. Qd2 Kg8 37. Rxb4 Rc8 38. c4 Be4 39. Rb3 Qxc4 40. Rg3 Qc2 0-1